000 00534cam a22002171 4500
001 sa 65004163
003 DLC
005 20260227112128.0
008 890509s1964 ii 000 1 telo
010 _asa 65004163
035 _a(OCoLC)19683282
040 _aDLC
_cWaU
_dDLC
042 _apremarc
050 0 0 _aPL4780.8
_b.B3
100 1 _aBabu, K. P.,
_d1933-
245 1 0 _aKānuka.
260 _aMadras,
_bR. R. Publications,
_c[1964]
300 _a108 p.
_c18 cm.
500 _aIn Telugu.
650 0 _aShort stories, Telugu.
999 _c63579
_d63579